Implementácia ESA 2010 do štvrťročných finančných účtov

Európsky systém národných a regionálnych účtov ESA 2010 je najnovší medzinárodne porovnateľný účtovný rámec krajín Európskej únie pre podrobný opis ekonomiky. ESA 2010 bola vypracovaná v súlade s usmerneniami o národnom účtovníctve stanovenými v metodike pre systém národných účtov SNA 2008 a vstúpil...

Descripción completa

Guardado en:
Detalles Bibliográficos
Autor principal: Eder, Tomáš
Otros Autores: Peter, Radoslav
Formato: Capítulo de libro
Lenguaje:eslovaco
Materias:
Etiquetas: Agregar Etiqueta
Sin Etiquetas, Sea el primero en etiquetar este registro!

MARC

LEADER 00000naa a2200000 4500
001 0201701
005 20221019174158.3
041 0 |a slo 
044 |a SK 
245 1 0 |a Implementácia ESA 2010 do štvrťročných finančných účtov  |c Tomáš Eder, Radoslav Peter 
520 |a Európsky systém národných a regionálnych účtov ESA 2010 je najnovší medzinárodne porovnateľný účtovný rámec krajín Európskej únie pre podrobný opis ekonomiky. ESA 2010 bola vypracovaná v súlade s usmerneniami o národnom účtovníctve stanovenými v metodike pre systém národných účtov SNA 2008 a vstúpila do platnosti 1. septembra 2014. Štvrťročné finančné účty ponúkajú komplexné informácie o príjmoch, výdavkoch, financovaní a portfóliových investíciách inštitucionálnych sektorov, na základe ktorých by mali byť plne integrované s nefinančnými účtami. Pre tento integračný proces je dôležité, aby sa údaje zostavovali v súlade so štatistickými štandardmi. Kľúčovou zmenou pri implementácii ESA 2010 do štvrťročných finančných účtov bolo rozšírenie vykazovania jednotlivých sektorov, ako aj finančných nástrojov. 
610 2 0 |a účty národné 
610 2 0 |a účty finančné 
610 2 0 |a Európska únia 
610 2 0 |a eurozóna 
610 2 0 |a štatistika 
100 1 |a Eder, Tomáš 
700 1 |a Peter, Radoslav